Preparation of Zr(Mo, W)2O8 with a larger negative thermal expansion by controlling the thermal decomposition of Zr(Mo, W)2(OH, Cl)2∙2H2O; Scientific Reports; Vol. 8

Bibliografiske detaljer
Parent link:Scientific Reports
Vol. 8.— 2018.— [5337, 7 p.]
Institution som forfatter: Национальный исследовательский Томский политехнический университет Инженерная школа новых производственных технологий Отделение материаловедения
Andre forfattere: Petrushina M. Yu. Mariya Yurjevna, Dedova E. S. Elena Sergeevna, Filatov E. Yu. Evgeny Yurjevich, Plyusnin P. E. Pavel Evgenjevich, Korenev S. V. Sergey Vasiljevich, Kulkov S. N. Sergey Nikolaevich, Derevyannikova E. A. Elizaveta, Sharafutdinov M. R. Marat, Gubanov A. I. Aleksandr Iridievich
Summary:Title screen
Solid solutions of Zr(Mo,W)2O7(OH,Cl)2∙2H2O with a preset ratio of components were prepared by a hydrothermal method. The chemical composition of the solutions was determined by energy dispersive X-ray spectroscopy (EDX). For all the samples of ZrMoxW2−xO7(OH,Cl)2∙2H2O (x = 0.0, 0.2, 0.4, 0.6, 0.8, 1.0, 1.2, 1.4, 1.6, 1.8, and 2.0), TGA and in situ powder X-ray diffraction (PXRD) studies (300-1100 K) were conducted. For each case, the boundaries of the transformations were determined: Zr(Mo,W)2O7(OH,Cl)2∙2H2O → orthorhombic-ZrMoxW2−xO8 (425-525 K), orthorhombic-ZrMoxW2−xO8 → cubic-ZrMoxW2−xO8 (700-850 K), cubic-ZrMoxW2−xO8 → trigonal-ZrMoxW2−xO8 (800-1050 K for x > 1) and cubic-ZrMoxW2−xO8 → oxides (1000-1075 K for x ≤ 1). The cell parameters of the disordered cubic-ZrMoxW2−xO8 (space group Pa-3) were measured within 300-900 K, and the thermal expansion coefficients were calculated: −3.5∙10−6 - −4.5∙10−6 K−1. For the ordered ZrMo1.8W0.2O8 (space group P213), a negative thermal expansion (NTE) coefficient −9.6∙10−6 K−1 (300-400 K) was calculated. Orthorhombic-ZrW2O8 is formed upon the decomposition of ZrW2O7(OH,Cl)2∙2H2O within 500-800 K.
Sprog:engelsk
Udgivet: 2018
Fag:
Online adgang:https://doi.org/10.1038/s41598-018-23529-6
Format: Electronisk Book Chapter
KOHA link:https://koha.lib.tpu.ru/cgi-bin/koha/opac-detail.pl?biblionumber=667037

MARC

LEADER 00000naa0a2200000 4500
001 667037
005 20250303135924.0
035 |a (RuTPU)RU\TPU\network\38241 
035 |a RU\TPU\network\24634 
090 |a 667037 
100 |a 20220217d2018 k||y0rusy50 ba 
101 0 |a eng 
135 |a drcn ---uucaa 
181 0 |a i  
182 0 |a b 
200 1 |a Preparation of Zr(Mo, W)2O8 with a larger negative thermal expansion by controlling the thermal decomposition of Zr(Mo, W)2(OH, Cl)2∙2H2O  |f M. Yu. Petrushina, E. S. Dedova, E. Yu. Filatov [et al.] 
203 |a Text  |c electronic 
300 |a Title screen 
320 |a [References: 21 tit.] 
330 |a Solid solutions of Zr(Mo,W)2O7(OH,Cl)2∙2H2O with a preset ratio of components were prepared by a hydrothermal method. The chemical composition of the solutions was determined by energy dispersive X-ray spectroscopy (EDX). For all the samples of ZrMoxW2−xO7(OH,Cl)2∙2H2O (x = 0.0, 0.2, 0.4, 0.6, 0.8, 1.0, 1.2, 1.4, 1.6, 1.8, and 2.0), TGA and in situ powder X-ray diffraction (PXRD) studies (300-1100 K) were conducted. For each case, the boundaries of the transformations were determined: Zr(Mo,W)2O7(OH,Cl)2∙2H2O → orthorhombic-ZrMoxW2−xO8 (425-525 K), orthorhombic-ZrMoxW2−xO8 → cubic-ZrMoxW2−xO8 (700-850 K), cubic-ZrMoxW2−xO8 → trigonal-ZrMoxW2−xO8 (800-1050 K for x > 1) and cubic-ZrMoxW2−xO8 → oxides (1000-1075 K for x ≤ 1). The cell parameters of the disordered cubic-ZrMoxW2−xO8 (space group Pa-3) were measured within 300-900 K, and the thermal expansion coefficients were calculated: −3.5∙10−6 - −4.5∙10−6 K−1. For the ordered ZrMo1.8W0.2O8 (space group P213), a negative thermal expansion (NTE) coefficient −9.6∙10−6 K−1 (300-400 K) was calculated. Orthorhombic-ZrW2O8 is formed upon the decomposition of ZrW2O7(OH,Cl)2∙2H2O within 500-800 K. 
461 |t Scientific Reports 
463 |t Vol. 8  |v [5337, 7 p.]  |d 2018 
610 1 |a электронный ресурс 
610 1 |a труды учёных ТПУ 
610 1 |a тепловое расширение 
610 1 |a термическое разложение 
610 1 |a твердые растворы 
610 1 |a химический состав 
701 1 |a Petrushina  |b M. Yu.  |g Mariya Yurjevna 
701 1 |a Dedova  |b E. S.  |c specialist in the field of material science  |c Assistant of the Department of Tomsk Polytechnic University  |f 1987-  |g Elena Sergeevna  |3 (RuTPU)RU\TPU\pers\34676 
701 1 |a Filatov  |b E. Yu.  |g Evgeny Yurjevich 
701 1 |a Plyusnin  |b P. E.  |g Pavel Evgenjevich 
701 1 |a Korenev  |b S. V.  |g Sergey Vasiljevich 
701 1 |a Kulkov  |b S. N.  |c specialist in the field of material science  |c Professor of Tomsk Polytechnic University, Doctor of physical and mathematical sciences  |f 1952-2021  |g Sergey Nikolaevich  |3 (RuTPU)RU\TPU\pers\31428 
701 1 |a Derevyannikova  |b E. A.  |g Elizaveta 
701 1 |a Sharafutdinov  |b M. R.  |g Marat 
701 1 |a Gubanov  |b A. I.  |g Aleksandr Iridievich 
712 0 2 |a Национальный исследовательский Томский политехнический университет  |b Инженерная школа новых производственных технологий  |b Отделение материаловедения  |3 (RuTPU)RU\TPU\col\23508 
801 2 |a RU  |b 63413507  |c 20220217  |g RCR 
856 4 |u https://doi.org/10.1038/s41598-018-23529-6 
942 |c CF